DOKTOR OTUKURU NUN IŞINLAMA MAKİNESİ BOL BEL 2 (Record no. 646907)

MARC details
000 -LEADER
sabit uzunluktaki kontrol alanı 00263nam a2200097Ia 4500
001 - KONTROL NUMARASI
kontrol alanı 646907
005 - EN SON İŞLEMİN TARİH VE ZAMANI
kontrol alanı 20250826153652.0
008 - SABİT-UZUNLUKTA VERİ ÖĞELERİ--GENEL BİLGİ
sabit uzunluktaki kontrol alanı 250824s9999 xx 000 0 und d
245 #0 - ESER / YAZAR
ESER ADI DOKTOR OTUKURU NUN IŞINLAMA MAKİNESİ BOL BEL 2
Yazar Adı AŞKIN GÜNGÖR
260 ## - YAYIN, DAĞITIM, VB.
YAYIN EVİ TUDEM
Holdings
Düşüm durumu Kayıp durumu Hasar Durumu Ödünç verilmez Ana kütüphane Geçerli Kütüphane Edinilen tarih Toplam ödünç verme sayısı Barkod Son görüntüleme tarihi Son ödünç verme tarihi Fiyatın geçerli olmaya başladığı tarih Koha materyal türü
        MUSTAFA BÜYÜKKAPLAN İMAM HATİP ORTAOKULU (ERKEK) MUSTAFA BÜYÜKKAPLAN İMAM HATİP ORTAOKULU (ERKEK) 24.08.2025 1 10052024 19.02.2026 19.02.2026 26.08.2025 Books